Otčenáš a jiné modlitby a meditace /

Hlavní autor: Steiner, Rudolf, 1861-1925
Další autoři: Kropáč, Marek
Jazyk: Němčina
Čeština
Vydáno: Samotišky : Michael, 2016
Témata:
Fyzický popis: 191 stran ; 21 cm
Language note: Částečně souběžný německý text
Knihy
Uloženo v:
LEADER 02162cam a2200649 i 4500
001 nkc20162830632
003 CZ PrNK
005 20230919060918.0
007 ta
008 160823s2016 xr e 000 0 cze d
015 |a cnb002830632 
020 |a 978-80-86340-51-7  |q (vázáno) 
035 |a (OCoLC)982109842 
040 |a KLG001  |b cze  |d OLA001  |e rda 
041 1 |a cze  |a ger  |h ger 
072 7 |a 13  |x Filozofie ducha  |2 Konspekt  |9 5 
080 |a 27-534.35  |2 MRF 
080 |a 2-534.3  |2 MRF 
080 |a 133.2  |2 MRF 
080 |a 2-583  |2 MRF 
080 |a 2-534.3  |2 MRF 
080 |a 299.72-1/-9  |2 MRF 
080 |a (0:82-4)  |2 MRF 
080 |a (049)  |2 MRF 
100 1 |a Steiner, Rudolf,  |d 1861-1925  |7 jn19990009728  |4 aut 
245 1 0 |a Otčenáš a jiné modlitby a meditace /  |c Rudolf Steiner ; spolupřekladatel Marek Kropáč 
264 1 |a Samotišky :  |b Michael,  |c 2016 
300 |a 191 stran ;  |c 21 cm 
336 |a text  |b txt  |2 rdacontent 
337 |a bez média  |b n  |2 rdamedia 
338 |a svazek  |b nc  |2 rdacarrier 
500 |a Přeloženo z němčiny 
546 |a Částečně souběžný německý text 
630 0 7 |a Modlitba Páně  |7 unn20231200900  |2 czenas 
630 0 9 |a Lord's prayer  |2 eczenas 
650 0 7 |a modlitby  |7 ph115341  |2 czenas 
650 0 7 |a duchovní cvičení  |7 ph114371  |x antropozofické pojetí  |2 czenas 
650 0 7 |a meditace  |7 ph115255  |2 czenas 
650 0 7 |a modlitba  |7 ph122943  |2 czenas 
650 0 7 |a antropozofické učení  |7 ph208675  |2 czenas 
650 0 9 |a prayers  |2 eczenas 
650 0 9 |a spiritual exercises  |x anthroposophical approach  |2 eczenas 
650 0 9 |a meditation  |2 eczenas 
650 0 9 |a prayer  |2 eczenas 
650 0 9 |a anthroposophic doctrine  |2 eczenas 
655 7 |a úvahy  |7 fd134000  |2 czenas 
655 7 |a stati  |7 fd133586  |2 czenas 
655 9 |a essays  |2 eczenas 
655 9 |a writings  |2 eczenas 
700 1 |a Kropáč, Marek  |7 jo2013779820  |4 trl 
910 2 |a BOA001  |b 2-1382.565 
920 |a 1090892  |z KLG001 
928 9 |a Aleš Musil - Michael 
990 |a BK 
995 |a 01 
991 |b 201702  |c NOV 
996 6 |b 2610697572  |c 2-1382.566  |l MZK  |r Sklad / do 1 hodiny  |n 0  |p p.v.  |w 001599868  |u 000010  |a 1  |e BOA001  |j MZK50  |s P